Straw Hat Grand Fleet Commanders (One Piece) - Statistics

General Stats
  • This quiz has been taken 677 times
  • The average score is 5 of 7
Answer Stats
Hint Answer % Correct
Luffy Fan Club Bartolomeo
95%
Beautiful Pirates Cavendish
91%
Tontatta Leo
86%
Happo Navy Sai
69%
Giant Hajrudin
61%
Martial Arts Ideo
56%
Whip Orlumbus
48%
No matching quizzes found
Score Distribution
Percent of People with Each Score
Percentile by Number Answered
Your Score History
You have not taken this quiz